Biotechnology For Beginners (Record no. 9535)

MARC details
000 -LEADER
fixed length control field 00503nam a22001937a 4500
003 - CONTROL NUMBER IDENTIFIER
control field OSt
005 - DATE AND TIME OF LATEST TRANSACTION
control field 20251007124618.0
008 - FIXED-LENGTH DATA ELEMENTS--GENERAL INFORMATION
fixed length control field 251007b |||||||| |||| 00| 0 eng d
020 ## - INTERNATIONAL STANDARD BOOK NUMBER
International Standard Book Number 9780323855693
040 ## - CATALOGING SOURCE
Transcribing agency DDC
082 ## - DEWEY DECIMAL CLASSIFICATION NUMBER
Classification number 660.6 REN 2023
100 ## - MAIN ENTRY--PERSONAL NAME
Personal name Renneberg, Reinhard
9 (RLIN) 19411
245 ## - TITLE STATEMENT
Title Biotechnology For Beginners
250 ## - EDITION STATEMENT
Edition statement 3rd ed.
260 ## - PUBLICATION, DISTRIBUTION, ETC. (IMPRINT)
Place of publication, distribution, etc. London; Academic press, 2023
300 ## - PHYSICAL DESCRIPTION
Extent xxi,409p; col.ill: 28cm
504 ## - BIBLIOGRAPHY, ETC. NOTE
Bibliography, etc Glossary, & indices included
942 ## - ADDED ENTRY ELEMENTS (KOHA)
Source of classification or shelving scheme Dewey Decimal Classification
Koha item type Open Shelf
Holdings
Withdrawn status Lost status Source of classification or shelving scheme Damaged status Not for loan Home library Current library Date acquired Source of acquisition Inventory number Total Checkouts Full call number Barcode Date last seen Koha item type
    Dewey Decimal Classification     MUST Main Library MUST Main Library 07/10/2025 purchase 25/42367   660.6 REN 2023 2025-0062 07/10/2025 Open Shelf
    Dewey Decimal Classification     MUST Main Library MUST Main Library 07/10/2025 purchase 25/42368   660.6 REN 2023 2025-0063 07/10/2025 Open Shelf
    Dewey Decimal Classification     MUST Main Library MUST Main Library 07/10/2025 purchase 25/42369   660.6 REN 2023 2025-0064 07/10/2025 Open Shelf